000 01386cam a22003135a 4500
001 L158609
008 080317e20130317xxk f 000 0 eng u
020 _a9781901434682
035 _a(Sirsi) u158609
041 0 _aeng
050 0 4 _a630.026 $2 18
110 2 _aCentral Association of Agricultural Valuers
245 0 0 _aSummary Guide to Scottish Agricultural Rent Reviews
_h[electronic resource]
260 _aColeford, Glos
_bCAAV
_c2013
300 _a68p.
_c30cm.
490 0 _aCAAV Publication
_v(190)
520 _aPrepared from the larger manual 'A Practitioner?s Guide to Scottish Agricultural Rent Reviews' (published September 2013) it provides the middle tier of briefing recommended by the Rent Review Working Group, as an aid to farmers and owners and a summary for professionals.
590 _aKA
650 2 4 _aAGRICULTURAL HOLDINGS ACT 1991
650 2 4 _aRENT REVIEWS
650 2 4 _aPROPERTY-LEASEHOLD PROPERTY-LANDLORD AND TENANT-TENANCIES-AGRICULTURAL TENANCIES-AGRICULTURAL TENANCY RENT REVIEW
651 4 _aScotland
690 _aRural
_96268
690 _aCommercial property
_96227
710 2 _aRoyal Institution of Chartered Surveyors
_94900
710 1 _aScottish Agricultural Arbiters & Valuers Association
856 4 8 _uhttps://www.caav.org.uk/docs/95090%20CAAV%20RR%20SUMMARY%20combined.pdf
_zView this item at www.caav.org.uk
942 _n0
999 _c115413
_d115413